000 00710nam a22002417a 4500
003 UA-OsUOA
001 26383
007 ta
008 20040527b un ||||| |||| 00| 0 ukr d
090 _a396
_bГ34
942 _cBK
040 _aUA-OsUOA
_bukr
_cUA-OsUOA
_dUA-OsUOA
245 _aГендер: реалії та перспективи в українському суспільстві
_bМатеріали Всеукраїнської науково-практичної конференції
300 _a300 с.
955 _a0
041 _aukr
080 _a396
020 _a966-8474-03-1
260 _aКиїв
_bФоліант
_c2003
044 _aUA
650 7 _2UDC
999 _c312706
_d312706